|
|
|
|
| LEADER |
01203nam a2200229 a 4500 |
| 001 |
00026930 |
| 008 |
130403s2007 bg a b 001 0 ben d |
| 020 |
|
|
|a 984300000966
|
| 040 |
|
|
|a BD-DhAAL
|c BD-DhAAL
|
| 041 |
|
|
|a Ben
|
| 082 |
0 |
0 |
|a 934
|2 22
|
| 245 |
0 |
0 |
|a প্রত্নতাত্ত্বিক ঐতিহ্য /
|c সম্পাদক সুফি মোস্তাফিজুর রহমান
|
| 260 |
|
|
|a ঢাকা :
|b বাংলাদেশ এশিয়াটিক সোসাইটি,
|c ২০০১
|
| 300 |
|
|
|a xxiv, ৫৬০ পৃ. ;
|c ২৫ সে.মি.
|
| 490 |
0 |
|
|a বাংলাদেশ সাংস্কৃতিক সমীক্ষামালা-১
|
| 500 |
|
|
|a গ্রন্থপঞ্জি ও নির্ঘণ্ট অন্তর্ভূক্ত.
|
| 541 |
1 |
|
|e 00026930
|
| 651 |
|
0 |
|a Excavations (Archaeology)
|z Bangladesh.
|
| 700 |
1 |
|
|a রহমান, সুফি মোস্তাফিজুর.
|
| 852 |
1 |
|
|a Ayesha Abed Library
|j General shelf
|
| 999 |
|
|
|c 13379
|d 13379
|
| 952 |
|
|
|0 0
|1 0
|2 ddc
|4 0
|6 934_000000000000000_PRO
|7 0
|9 22295
|a IGS
|b IGS
|c GEN
|d 2012-04-27
|e Mullick & Brothers
|g 709.00
|l 0
|o 934 PRO
|p 3010026930
|r 2013-05-02
|t 1
|w 2012-04-27
|y BK
|